[Event "Mumbai Wealth op U13"]
[Site "Mumbai"]
[Date "2016.01.29"]
[Round "2"]
[White "Swamy, Vedant"]
[Black "Chhabra, Aakash"]
[Result "0-1"]
[WhiteElo "1185"]
[BlackElo "1532"]
[PlyCount "114"]
[EventDate "2016.01.28"]
[EventType "swiss"]
[EventRounds "9"]
[EventCountry "IND"]
[SourceTitle "CBM 170 Extra"]
[Source "ChessBase"]
[SourceDate "2016.02.25"]
[SourceVersion "1"]
[SourceVersionDate "2016.02.25"]
[SourceQuality "1"]

1. e4 e6 2. d4 d5 3. Nd2 c5 4. exd5 exd5 5. Ngf3 Nf6 6. Bb5+ Bd7 7. Bxd7+ Nbxd7 8. 0-0 Be7 9. dxc5 Nxc5 10. Nb3 Nce4 11. Nfd4 0-0 12. Nf5 Re8 13. Nxe7+ Rxe7 14. f3 Qb6+ 15. Qd4 Qxd4+ 16. Nxd4 Nc5 17. Bg5 Ncd7 18. Rfe1 Rae8 19. Rxe7 Rxe7 20. Rd1 a6 21. Kf2 g6 22. Ne2 Re5 23. Bf4 Re6 24. Nd4 Re8 25. Re1 Rxe1 26. Kxe1 Nc5 27. Be3 Ne6 28. Nb3 Kf8 29. Nc5 Nxc5 30. Bxc5+ Ke8 31. Kd2 Kd7 32. Ke3 Kc6 33. Bd4 Nd7 34. Kf4 f6 35. g4 Kb5 36. b3 Kb4 37. a4 b5 38. axb5 Kxb5 39. h4 a5 40. h5 a4 41. bxa4+ Kxa4 42. hxg6 hxg6 43. Kg3 Kb4 44. f4 Kc4 45. c3 Nc5 46. Bxf6 Ne4+ 47. Kh4 Nxf6 48. Kg5 Ne4+ 49. Kxg6 Kxc3 50. Kf5 Ng3+ 51. Ke5 d4 52. f5 d3 53. f6 d2 54. f7 d1Q 55. f8Q Qd4+ 56. Ke6 Qxg4+ 57. Kd6 Qb4+ 0-1